000 00361pab a2200145 454500
008 180718b1985 xxu||||| |||| 00| 0 eng d
100 _aVig, S.N.
245 _aSelect bibliography on human resource management
260 _c1985
300 _a99-104
362 _aApr.-June
650 _aManagement - Bibliography
773 _aProductivity
909 _a13102
999 _c13102
_d13102